Souliers d'or depuis 2000 - Statistiques

Statistiques générales
  • Ce quiz a été pris 39 fois
  • Le résultat moyen est 2 sur 23
Statistiques - réponses
an Player % Correct
2011 Suarez
63%
2013 Hazard
44%
2008 Witsel
13%
2007 Defour
9%
2004 Kompany
6%
2012 Mbokani
6%
2019 Vanaken
6%
2018 Vanaken
6%
2023 Alderweireld
3%
2010 Boussoufa
3%
2006 Boussoufa
3%
2003 Dindane
3%
2009 Jovanovic
3%
2022 Mignolet
3%
2021 Onuachu
3%
2014 Praet
3%
2017 Vormer
3%
2005 Conceiçao
0%
2016 Izquierdo
0%
2015 Kums
0%
2020 Refaelov
0%
2002 Simons
0%
2001 Sonck
0%
Aucun quiz correspondant
Distribution des résultats
% des personnes avec chaque résultat
Percentile par nombre de réponses
Votre historique - résultats
Vous n’avez pas pris ce quiz